Statistics for Countries of North and South America With Two or More Words

Click here to take the quiz!

General Stats

  • This quiz has been taken 44 times
  • The average score is 8 of 9

Answer Stats

% Correct
Dominican Republic
100%
Saint Kitts and Nevis
98%
Trinidad and Tobago
98%
Saint Vincent and the Grenadines
95%
Antigua and Barbuda
93%
El Salvador
93%
Saint Lucia
93%
United States
93%
Costa Rica
88%

Score Distribution

Percentile by Number Answered

Percent of People with Each Score

Your Score History

You have not taken this quiz